| 000 | 00446nam a2200169Ia 4500 | ||
|---|---|---|---|
| 008 | 180207s9999 xx 000 0 und d | ||
| 020 | _a9780007619351 | ||
| 050 | _bM978 1996 | ||
| 100 | _aMurphy, Stuart J. | ||
| 245 | 4 | _aThe great gymnast of all / | |
| 245 | _cStuart J. Murphy ; illustrated by Cynthia Jabar. | ||
| 260 | _aWashington : | ||
| 260 | _bCollins, | ||
| 260 | _c1996 | ||
| 300 | _aunpaged : | ||
| 300 | _bcolor illustration ; | ||
| 999 |
_c355277 _d355277 |
||